000 00759nam a2200253 i 4500
001 92585
003 ES-MaACL
005 20250716025354.0
007 t|
008 050405s1988 sp ||||1| spa d
020 _a84-7423-379-8
080 _a929 Voltaire
080 _a1 Voltaire
100 1 _aAyer, A. J.
_924144
245 1 0 _aVoltaire /
_cA.J. Ayer ; traducción castellana de Miguel Candel.
260 _aBarcelona :
_bCrítica,
_c[1988]
300 _a203 p. ;
_c20 cm.
490 1 _aSerie general ;
_v182.
_aLetras e ideas
600 0 4 _aVoltaire,
_d1694-1778
_9115721
700 1 _aCandel, Miguel.
_934449
830 0 _aSerie general ;
_v182.
_aLetras e ideas
_9232046
852 _aES-MaACL
_jE-10915
999 _c92585
_d92585